International business : (Record no. 7740)
[ view plain ]
| 000 -LEADER | |
|---|---|
| fixed length control field | 01959cam a22003495a 4500 |
| 008 - FIXED-LENGTH DATA ELEMENTS--GENERAL INFORMATION | |
| fixed length control field | 090106s2008 njuab||frb||| 001 0 eng d |
| 010 ## - LIBRARY OF CONGRESS CONTROL NUMBER | |
| LC control number | 2006037228 |
| 020 ## - INTERNATIONAL STANDARD BOOK NUMBER | |
| International Standard Book Number | 0135032814 (alk. paper) |
| 020 ## - INTERNATIONAL STANDARD BOOK NUMBER | |
| International Standard Book Number | 0131747436 (alk. paper) |
| 020 ## - INTERNATIONAL STANDARD BOOK NUMBER | |
| International Standard Book Number | 0131747436 (alk. paper) |
| 020 ## - INTERNATIONAL STANDARD BOOK NUMBER | |
| International Standard Book Number | 9780131747432 |
| 040 ## - CATALOGING SOURCE | |
| Language of cataloging | eng |
| Modifying agency | EG-ScBUE |
| 082 04 - DEWEY DECIMAL CLASSIFICATION NUMBER | |
| Classification number | 658.049 |
| Item number | WIL |
| Edition number | 22 |
| 100 1# - MAIN ENTRY--PERSONAL NAME | |
| Personal name | Wild, John J. |
| 9 (RLIN) | 4506 |
| 245 10 - TITLE STATEMENT | |
| Title | International business : |
| Remainder of title | the challenges of globalization / |
| Statement of responsibility, etc | John J. Wild, Kenneth L. Wild, Jerry C.Y. Han. |
| 250 ## - EDITION STATEMENT | |
| Edition statement | 4th ed. |
| 260 ## - PUBLICATION, DISTRIBUTION, ETC. (IMPRINT) | |
| Place of publication, distribution, etc | Upper Saddle River : |
| Name of publisher, distributor, etc | Pearson Prentice Hall, |
| Date of publication, distribution, etc | c.2008. |
| 300 ## - PHYSICAL DESCRIPTION | |
| Extent | xxii, 506 p. : |
| Other physical details | ill., maps ; |
| Dimensions | 28 cm. |
| 500 ## - GENERAL NOTE | |
| General note | Glossary : p. 471-479. |
| 500 ## - GENERAL NOTE | |
| General note | Include indexes. |
| 504 ## - BIBLIOGRAPHY, ETC. NOTE | |
| Bibliography, etc | Includes bibliographical references. |
| 505 0# - FORMATTED CONTENTS NOTE | |
| Formatted contents note | About the authors -- Global business environment -- Globalization -- National business environments -- Cross-cultural business -- Politics, law, and business ethics -- Economic systems and development -- International trade and investment -- International trade -- Business-government trade relations -- Foreign direct investment -- Regional economic integration -- The international financial system -- International financial markets -- International monetary system -- International business management -- International strategy and organization -- Analyzing international opportunities -- Selecting and managing entry modes -- Developing and marketing products -- Managing international operations -- Hiring and managing employees . |
| 590 ## - LOCAL NOTE (RLIN) | |
| Local note | doaa mohamed |
| 650 #0 - SUBJECT ADDED ENTRY--TOPICAL TERM | |
| Topical term or geographic name as entry element | International business enterprises |
| General subdivision | Management. |
| 9 (RLIN) | 4507 |
| Source of heading or term | BUEsh |
| 650 #0 - SUBJECT ADDED ENTRY--TOPICAL TERM | |
| Topical term or geographic name as entry element | International trade. |
| 9 (RLIN) | 4508 |
| Source of heading or term | BUEsh |
| 651 ## - SUBJECT ADDED ENTRY--GEOGRAPHIC NAME | |
| Source of heading or term | BUEsh |
| 653 ## - INDEX TERM--UNCONTROLLED | |
| Resource For college | BAEPS, Business Administration |
| 700 1# - ADDED ENTRY--PERSONAL NAME | |
| Personal name | Wild, Kenneth L. |
| 9 (RLIN) | 4509 |
| 700 1# - ADDED ENTRY--PERSONAL NAME | |
| Personal name | Han, Jerry C. Y. |
| 9 (RLIN) | 4510 |
| 856 41 - ELECTRONIC LOCATION AND ACCESS | |
| Materials specified | Table of contents only |
| Uniform Resource Identifier | <a href="http://www.loc.gov/catdir/toc/ecip074/2006037228.html">http://www.loc.gov/catdir/toc/ecip074/2006037228.html</a> |
| 942 ## - ADDED ENTRY ELEMENTS (KOHA) | |
| Item type | Book - Borrowing |
| Call number prefix | 658.049WIL |
| Source of classification or shelving scheme | Dewey Decimal Classification |
| Withdrawn status | Item status | Source of classification or shelving scheme | Damaged status | Not for loan | Vendor | Home library | Current library | Shelving location | Date acquired | Source of acquisition | Total Checkouts | Total Renewals | Full call number | Barcode | Date last seen | Date last borrowed | Koha item type | Materials specified (bound volume or other part) | Cost, normal purchase price | Serial Enumeration / chronology |
|---|---|---|---|---|---|---|---|---|---|---|---|---|---|---|---|---|---|---|---|---|
| Dewey Decimal Classification | Baccah | Central Library | Central Library | First floor | 05/02/2008 | 8 | 17 | 658.049 WIL | 000009198 | 15/07/2025 | 30/10/2018 | Book - Borrowing | ||||||||
| Dewey Decimal Classification | Baccah | Central Library | Central Library | First floor | 05/02/2008 | 4 | 10 | 658.049 WIL | 000009200 | 15/07/2025 | 15/05/2011 | Book - Borrowing | ||||||||
| Lost | Dewey Decimal Classification | Baccah | Central Library | Central Library | First floor | 05/02/2008 | 2 | 17 | 658.049 WIL | 000009199 | 21/08/2010 | 24/05/2009 | Book - Borrowing | Lost In Inventory_2005-2015/8/22 | ||||||
| Dewey Decimal Classification | Baccah | Central Library | Central Library | First floor | 05/02/2008 | 8 | 28 | 658.049 WIL | 000009197 | 15/07/2025 | 30/10/2018 | Book - Borrowing | ||||||||
| Dewey Decimal Classification | Baccah | Central Library | Central Library | First floor | 06/01/2009 | 1 | 658.049 WIL | 000009196 | 15/07/2025 | 06/01/2009 | NB - Book (Non borrowing) | |||||||||
| Dewey Decimal Classification | Alahram | Central Library | Central Library | First floor | 30/04/2009 | 7 | 21 | 658.049 WIL | 000016326 | 15/07/2025 | 27/09/2017 | Book - Borrowing | 225.00 | 365 |